Second Biggest Metro Population in Every U.S. State - Statistics

General Stats
  • This quiz has been taken 32 times
  • The average score is 34 of 50
Answers on the Map
Answers color-coded by a green-red scale on the quiz's map according to % correct below.
 
Answer Stats
Answer % Correct
Baton Rouge
100%
Tampa
96%
Buffalo
92%
Madison
92%
Memphis
92%
Raleigh
92%
San Francisco
92%
Cleveland
88%
Colorado Springs
88%
Pittsburgh
88%
Reno
88%
St. Louis
88%
Tucson
88%
Tulsa
88%
Augusta
85%
Duluth
85%
Houston
85%
Lexington
85%
Columbia
81%
Fort Wayne
81%
Lincoln
81%
Salem
81%
Spokane
81%
Bismarck
77%
Provo
77%
Fairbanks
73%
Fayetteville
73%
Grand Rapids
73%
Las Cruces
73%
Wichita
73%
Virginia Beach
69%
Dover
65%
Missoula
65%
Biloxi
62%
Casper
62%
Worcester
62%
Bangor
58%
Hilo
58%
Rapid City
58%
Cedar Rapids
54%
Nashua
46%
Huntington
42%
New Haven
42%
Coeur d'Alene
38%
Baltimore
35%
Camden
31%
East St. Louis
15%
Huntsville
12%
Cranston
4%
Keene
4%
No matching quizzes found
Score Distribution
Percent of People with Each Score
Percentile by Number Answered
Your Score History
You have not taken this quiz